00357pab a2200133 454500008004000000100001800040245003000058260000900088300001500097362001100112650003800123650002800161773003400189180718b2005 xxu||||| |||| 00| 0 eng d aAcharya, Alka aRectifying relationships: c2005 ap.2041-43. a14 May aIndia - Foreign relations - China aInternational relations aEconomic and Political Weekly